Kötü yol (Record no. 6175)

MARC details
000 -BAŞLIK
Sabit Uzunlukta Kontrol Alanı 00674na a2200253 4500
001 - KONTROL NUMARASI
Denetim Alanı 19187
003 - KONTROL NUMARASI IDENTIFIER
Denetim Alanı MIRAKIL
005 - SON İŞLEM TARİHİ VE ZAMANI
Denetim Alanı 20181213155058.0
008 - SABİT-BOY VERİ ELEMANLARI - GENEL BİLGİLER
Sabit Uzunlukta Kontrol Alanı 161209b tu 000 0
020 ## - ULUSLARARASI STANDART KİTAP NUMARASI
Uluslararası Standart Kitap Numarası 9789752898295
040 ## - KATALOGLAMA KAYNAK
Orijinal Kataloglama Ajansı Milas
Kataloglama Dili tur
Metne Dönüştürmek Ajansı TR-AnCHP
041 ## - DİL KODU
Metin / Ses Parça Veya Ayrı Başlığın Dil Kodu tur
082 ## - DEWEY ONLU SINIFLANDIRMA NUMARASI
Sınıflandırma Numarası 818.42
Ürün Numarası O63k 2010
090 ## - SINIFLAMA NUMARASI
Sınıflama Numarası 818.42 O63k 2010
100 ## - ANA GİRİŞ - KİŞİSEL İSİM
Kişisel Ad Orhan Kemal
245 ## - BAŞLIK TABLOSU
Başlık Kötü yol
Sorumluluk Tablosu, Vb Orhan Kemal; çizen Oğuz Demiz
260 ## - YAYIN, DAĞITIM, VB
Yayın, Dağıtım, Vb Yeri İstanbul
Yayıncı, Dağıtıcı, Vs Adı Everest Yayınları
Yayın, Dağıtım, Vb Tarihi 2010
300 ## - FİZİKSEL TANIM
Kapsam 116 s.
Diğer Fiziksel Ayrıntıları Çizim
Boyutlar 25 sm.
490 ## - SERİSİ TABLOSU
Seri Beyanı Everest/Çizgi
Hacim / Ardışık Tanımı 43
650 ## - KONU KATMA GİRİŞ - TOPİKAL DÖNEM
Topikal Süreli Veya Coğrafi Ad Giriş Elemanı Türkçe roman
650 ## - KONU KATMA GİRİŞ - TOPİKAL DÖNEM
Topikal Süreli Veya Coğrafi Ad Giriş Elemanı Türk edebiyatı
Genel Alt Bölümü Çizgi roman
700 ## - KATMA GİRİŞ - KİŞİSEL İSİM
Kişisel Ad Demir, Oğuz
942 ## - EKLENDİ GİRİŞ ELEMANLARI (KOHA)
Sınıflandırma Veya Raf Düzeni Kaynak Dewey Decimal Classification
Koha Öğesi Türü Books
999 ## - SİSTEM KONTROL NUMARALARI (KOHA)
Koha Biblionumber 6175
Koha Biblioitemnumber 6175
Holdings
Kalıcı Konum Mevcut Konum Edinme Tarihi Edinim Kaynak Toplam Check-Out'Lar Tam Çağrı Numarası Barkod Tarih Son Görülme İtibaren Geçerli Fiyatlar Koha Öğesi Türü
CHP Kütüphanesi CHP Kütüphanesi 12/09/2016 Bağış   818.42 O63k 2010 008984 12/09/2016 12/09/2016 Books